000 00928nam a2200217 i 4500
001 190199
003 ES-MaACL
005 20250823102708.0
008 200914s1958 sp |||| | spa d
100 1 _aSainz de la Maza, Regino.
_9138206
245 1 3 _aLa música de laúd, vihuela y guitarra del Renacimiento al Barroco :
_bdiscurso leído al día 10 de marzo de 1958,en su recepción pública /
_cpor Regino Sáinz de la Maza y contestación del Sr. D. José Subirá Puig.
260 _aMadrid :
_bReal Academia de Bellas Artes de San Fernando,
_c1958.
300 _a43 p. ;
_c25 cm.
650 7 _aMúsica para laúd
_2embne
_915414
650 7 _aMúsica para vihuela
_2embne
_9172496
650 7 _aMúsica para guitarra
_2
_9147350
700 1 _aSubirá, José,
_d1882-1980
_9108686
710 2 _aReal Academia de Bellas Artes de San Fernando.
_96291
852 _aES-MaACL
_jF-M-III-N
999 _c190199
_d190199